000 00556nam a22001817a 4500
005 20251108172940.0
008 250721s1999 xx 000 0 ara d
082 1 4 _a320.54/جاب
100 1 _aأبو جابر، فايز صالح
245 1 0 _aالقومية العربية و الدول الكبرى /
264 1 _aعمان :
_bمكتبة الرائد للنشر،
_c1999.
300 _a240ص.
650 1 7 _aالبلدان العربية
650 1 7 _aالقومية العربية
650 1 7 _aالغرب
942 _2ddc
_cBK
999 _c92562
_d92562